Fundamentos de gramática

Kaydedildi:
Detaylı Bibliyografya
Yazar: Vargas Araya, Ana Rosa
Materyal Türü: Kitap
Dil:Undetermined
Baskı/Yayın Bilgisi: San José, Costa Rica Universidad de Costa Rica 1970
Konular:
Etiketler: Etiketle
Etiket eklenmemiş, İlk siz ekleyin!

MARC

LEADER 00000nam a2200000Ia 4500
008 170316s9999 xx 000 0 und d
090 |a 415-E V-2f 
100 |a Vargas Araya, Ana Rosa 
245 |a Fundamentos de gramática 
260 |a San José, Costa Rica 
260 |b Universidad de Costa Rica 
260 |c 1970 
300 |a 117 páginas 
650 |a GRAMÁTICA ESPAÑOLA 
999 |c 19111  |d 19111 
040 |a cru BVZT 
942 |c 15 D  |h 415-E V-2f  |2 z